Управленческие решения: учебное пособие

Detalles Bibliográficos
Autor principal: Пужаев А. В. Александр Васильевич
Sumario:Посвящено теории и практике принятия управленческих решений в менеджменте. Подробно рассмотрены основные этапы принятия и реализации управленческих решений. Особое внимание уделено аналитическим и графическим способам определения причин возникновения проблем, методам разработки вариантов управленческих решений, способам оценки и выбору решений в условиях определенности, риска и неопределенности. Рассмотрены вопросы использования коллегиальности при принятии решений, а также способы нормативного закрепления принятых решений. Для студентов вузов, слушателей курсов повышения квалификации и переподготовки при изучении дисциплин «Менеджмент» и «Управленческие решения», а также практиков, желающих повысить эффективность принимаемых ими решений.
Lenguaje:ruso
Publicado: Москва, КноРус, 2010
Materias:
Formato: Libro
KOHA link:https://koha.lib.tpu.ru/cgi-bin/koha/opac-detail.pl?biblionumber=170272

MARC

LEADER 00000nam0a2200000 4500
001 170272
005 20231101222859.0
010 |a 9785406001271 
035 |a (RuTPU)RU\TPU\book\184667 
090 |a 170272 
100 |a 20091120d2010 m y0rusy50 ca 
101 0 |a rus 
102 |a RU 
105 |a y j 001zy 
200 1 |a Управленческие решения  |e учебное пособие  |f А. В. Пужаев 
210 |a Москва  |c КноРус  |d 2010 
215 |a 185 с. 
320 |a Библиогр.: с. 184. 
320 |a Глоссарий: с. 178-183. 
330 |a Посвящено теории и практике принятия управленческих решений в менеджменте. Подробно рассмотрены основные этапы принятия и реализации управленческих решений. Особое внимание уделено аналитическим и графическим способам определения причин возникновения проблем, методам разработки вариантов управленческих решений, способам оценки и выбору решений в условиях определенности, риска и неопределенности. Рассмотрены вопросы использования коллегиальности при принятии решений, а также способы нормативного закрепления принятых решений. Для студентов вузов, слушателей курсов повышения квалификации и переподготовки при изучении дисциплин «Менеджмент» и «Управленческие решения», а также практиков, желающих повысить эффективность принимаемых ими решений. 
606 1 |a Управленческие решения  |x Принятие  |2 stltpush  |3 (RuTPU)RU\TPU\subj\37173  |9 58293 
610 1 |a менеджмент 
610 1 |a учебные пособия 
610 1 |a экономика 
610 1 |a предприятия 
686 |a У9(2)212.8я73  |v LBC/SL-A  |2 rubbk 
700 1 |a Пужаев  |b А. В.  |g Александр Васильевич 
801 1 |a RU  |b 63413507  |c 20091120 
801 2 |a RU  |b 63413507  |c 20121012  |g RCR 
900 |a Управленческие решения 
942 |c BK 
951 |b 080502 
959 |a 116/20091120  |d 1  |e 120,00  |f ЧЗГЛ:1